000 01802 a2200229 4500
001 40733
005 20260407155703.0
008 260407a2014 arg spa d
003 AR-UNSa-BCEJYS
040 _aAR-UNSa-BCEJYS
_bspa
_cAR-UNSa-BCEJYS
080 _a336.71
_xBancos. Sistema bancario
245 1 0 _aCentral banking
_ptheory and practice in sustaining monetary and financial stability
020 _a978-1-118-83246-2
264 1 _aFusionopolis :
_bJohn Wiley & Sons
_c2014
300 _axiii, 318 p.
_c26 cm.
505 _a1. A Brief Look at Central Banking History - 2. A Brief Overview of the International Monetary System - 3. Modern Central Banking Roles and Functions: What Exactly Is a Central Bank? - 4. A Brief Review of Modern Central Banking Mandates: What Are the Goals That Modern Central Banks Try to Achieve? - 5. Theoretical Foundations of the Practice of Modern Monetary Policy - 6. Monetary Policy Regimes: What Monetary Policy Rules a Central Bank Can Use to Achieve Monetary Stability - 7. Monetary Policy Implementation: Financial Market Operations - 8. The Monetary Policy Transmission Mechanism: How Changes in Interest Rates Affect Households, Firms, Financial Institutions, Economic Activity, and Inflation - 9. The Exchange Rate and Central Banking - 10. Financial Stability: Definition, Analytical Framework, and Theoretical Foundation - 11. Financial Stability: Monitoring and Identifying Risks - 12. Financial Stability: Intervention Tools - 13. Future Challenges for Central Banking - 14. Future Central Banking Strategy and Its Execution
041 _aspa
942 _cBK
590 _aniveau_biblio:m niveau_hierar:0
100 1 _aMoenjak, Thammarak
856 4 1 _uhttps://biblioeco.unsa.edu.ar/pmb/images/libros/L126241_01.jpg
_yImagen de portada
_qimage/jpeg
999 _c3299
_d3299